000 00632nam a2200241Ia 4500
003 OSt
005 20220926014520.0
006 a|||||r|||| 00| 0
007 ta
008 220923b |||||||| |||| 00| 0 eng d
037 _cGeneral Book
040 _aRTL
_cRTL
_beng
041 _2eng
_aeng
082 _aX:513, J2;K8
100 _aBedell Clyde
_9320269
245 0 _aHow to write advertising that sells
250 _a2
260 _aNew York
_bMcGraw-Hill
_c1968
300 _axx,539p
_ccm.
650 _aAdvertising
942 _hX:513, J2;K8
_cGB
_2CC
999 _c629254
_d629254